01197nam a2200301Ia 4500001001200000003000800012006001900020007001500039008004100054020001500095040002100110035002000131050002400151100003000175245011900205260006100324300001400385504005100399533015200450650003000602650004300632650001200675655002900687700001900716710001700735856012600752999001700878ebr10063823CaPaEBRm u cr cn|||||||||041017s2004 dcu gsb 001 0 eng d z0815796218 aCaPaEBRcCaPaEBR a(OCoLC)5603273914aJK2071b.M39 2004eb1 aMayer, William G.,d1956-14aThe front-loading problem in presidential nominationsh[electronic resource] /cWilliam G. Mayer, Andrew E. Busch. aWashington, D.C. :bBrookings Institution Press,cc2004. ax, 226 p. aIncludes bibliographical references and index. aElectronic reproduction.bPalo Alto, Calif. :cebrary,d2009.nAvailable via World Wide Web.nAccess may be limited to ebrary affiliated libraries. 0aPrimarieszUnited States. 0aPresidentszUnited StatesxNomination. 0aCaucus. 7aElectronic books.2local1 aBusch, Andrew.2 aebrary, Inc.40uhttp://site.ebrary.com/lib/rucke/Doc?id=10063823zAn electronic book accessible through the World Wide Web; click to view c47630d47630